000
00256nam a2200097Ia 4500
001
704396
005
20250826162410.0
008
250824s9999 xx 000 0 und d
245
0
_a
SHERLOCK HOLMES KIZIL DOSYA
_c
ARTHUR CONAN DOYLE
260
_b
TİMAŞ YAYINLARI
999
_c
704396
_d
704396